| 000 | 00804cam a2200241 4500 | ||
|---|---|---|---|
| 001 | 4150 | ||
| 005 | 20181127172726.0 | ||
| 008 | 130815s2012 nyua b 001 0 eng | ||
| 010 | _a 2013426777 | ||
| 020 | _a0198075340 | ||
| 100 | 1 | _aSalvatore, Dominick. | |
| 245 | 1 | 0 |
_aManagerial economics : _bprinciples and worldwide applications / _cDominick Salvatore. |
| 250 | _aInternational seventh edition. | ||
| 264 | 1 |
_aNew Delhi : _bOxford University Press, _c2013. |
|
| 300 |
_axxviii, 707 pages ; _b _c24 cm |
||
| 336 |
_atext _2rdacontent |
||
| 337 |
_aunmediated _2rdamedia |
||
| 338 |
_avolume _2rdacarrier |
||
| 500 | _aIncludes index. | ||
| 650 | 0 |
_aManagerial economics _vCase studies. |
|
| 650 | 0 | _aManagerial economics. | |
| 700 | 1 |
_aSalvatore, Dominick. _tManagerial economics in a global economy. |
|
| 999 |
_c3403 _d3403 |
||